Rotarmisten schreiben aus Deutschland Briefe von der Front (1945) und historische Analysen /

Bibliographic Details
Corporate Author: ProQuest (Firm)
Other Authors: Scherstjanoi, Elke.
Format: Electronic eBook
Language:German
Published: Munchen : K.G. Saur, 2004.
Series:Texte und Materialien zur Zeitgeschichte ; Bd. 14
Subjects:
Online Access:Click to View
LEADER 01583nam a2200385 a 4500
001 EBC3041087
003 MiAaPQ
005 20200520144314.0
006 m o d |
007 cr cn|||||||||
008 121207s2004 gw b sb 001 0dger d
020 |z 359811656X 
020 |z 9783598116568 
020 |z 9783110958812 (e-book) 
035 |a (MiAaPQ)EBC3041087 
035 |a (Au-PeEL)EBL3041087 
035 |a (CaPaEBR)ebr10591417 
035 |a (OCoLC)922944004 
040 |a MiAaPQ  |c MiAaPQ  |d MiAaPQ 
043 |a e-ur--- 
050 4 |a D764  |b .R68 2004 
245 0 0 |a Rotarmisten schreiben aus Deutschland  |h [electronic resource] :  |b Briefe von der Front (1945) und historische Analysen /  |c herausgegeben von Elke Scherstjanoi. 
260 |a Munchen :  |b K.G. Saur,  |c 2004. 
300 |a xii, 449 p. :  |b maps. 
440 0 |a Texte und Materialien zur Zeitgeschichte ;  |v Bd. 14 
504 |a Includes bibliographical references and indexes. 
533 |a Electronic reproduction. Ann Arbor, MI : ProQuest, 2015. Available via World Wide Web. Access may be limited to ProQuest affiliated libraries. 
610 1 0 |a Soviet Union.  |b Raboche-Krestianskaia Krasnaia Armiia  |x History  |y World War, 1939-1945. 
650 0 |a World War, 1939-1945  |v Personal narratives, Soviet. 
650 0 |a World War, 1939-1945  |x Campaigns  |z Eastern Front. 
650 0 |a Soldiers  |z Soviet Union  |v Correspondence. 
655 4 |a Electronic books. 
700 1 |a Scherstjanoi, Elke. 
710 2 |a ProQuest (Firm) 
856 4 0 |u https://ebookcentral.proquest.com/lib/matrademy/detail.action?docID=3041087  |z Click to View